Normal view MARC view

Entry Nombre personal

Number of records used in: 86

001 - NÚMERO DE CONTROL

  • campo de control: 103060

003 - IDENTIFICADOR DE NÚMERO DE CONTROL

  • campo de control: OSt

005 - FECHA Y HORA DE LA ÚLTIMA TRANSACCIÓN

  • campo de control: 20230709091854.0

008 - ELEMENTOS DE DATO DE LONGITUD-FIJA

  • campo de control de longitud fija: 030513 n acnnnaaan n ann d

040 ## - FUENTE DE CATALOGACIÓN

  • Centro catalogador/agencia de origen: OSt
  • Centro/agencia transcriptor: OSt

100 1# - ENCABEZAMIENTO-NOMBRE DE PERSONA

  • Nombre de persona: Sand, George,
  • Fechas asociadas al nombre: 1804-1876

400 1# - TRAZADO DE VÉASE--NOMBRE DE PERSONA

  • Nombre de persona: Dudevant, Amantine Lucile Aurore Dupin (
  • Fechas asociadas al nombre: 1804-1876)

400 1# - TRAZADO DE VÉASE--NOMBRE DE PERSONA

  • Nombre de persona: Dudevant, Armandine Lucile Aurore Dupin (
  • Fechas asociadas al nombre: 1804-1876)

400 1# - TRAZADO DE VÉASE--NOMBRE DE PERSONA

  • Nombre de persona: Dudevant, Aurore (
  • Fechas asociadas al nombre: 1804-1876)

400 1# - TRAZADO DE VÉASE--NOMBRE DE PERSONA

  • Nombre de persona: Dupin, Aurore (
  • Fechas asociadas al nombre: 1804-1876)

400 1# - TRAZADO DE VÉASE--NOMBRE DE PERSONA

  • Nombre de persona: Sand, Jorge (
  • Fechas asociadas al nombre: 1804-1876)

400 1# - TRAZADO DE VÉASE--NOMBRE DE PERSONA

  • Nombre de persona: Sand, Zhorzh (
  • Fechas asociadas al nombre: 1804-1876)